Rostoucí role FAO v Evropě.
24.-28.8.1992 sa konala v Prahe 18. regionálna konferencia Organizácie spojených národov pre výživu a poľnohospodárstvo (FAO). Pôsobenie FAO v krajinách strednej a východnej Európy. Pomoc pri riešení problémov v poľnohospodárstve. Plán činnosti FAO pre Európu. Projektová spolupráca medzi ČSFR a FAO...
Saved in:
| Main Author: | |
|---|---|
| Format: | Book Chapter |
| Language: | Czech |
| Subjects: | |
| Tags: |
No Tags, Be the first to tag this record!
|
MARC
| LEADER | 00000naa a2200000 4500 | ||
|---|---|---|---|
| 001 | r012016 | ||
| 005 | 20220831094549.2 | ||
| 041 | 0 | |a cze | |
| 044 | |a SK | ||
| 245 | 1 | 0 | |a Rostoucí role FAO v Evropě. |c Z. Rubín |
| 520 | |a 24.-28.8.1992 sa konala v Prahe 18. regionálna konferencia Organizácie spojených národov pre výživu a poľnohospodárstvo (FAO). Pôsobenie FAO v krajinách strednej a východnej Európy. Pomoc pri riešení problémov v poľnohospodárstve. Plán činnosti FAO pre Európu. Projektová spolupráca medzi ČSFR a FAO od r. 1991. | ||
| 610 | 2 | 0 | |a FAO |
| 610 | 2 | 0 | |a konferencie |
| 610 | 2 | 0 | |a Praha |
| 610 | 2 | 0 | |a 1992 |
| 610 | 2 | 0 | |a východná Európa |
| 610 | 2 | 0 | |a stredná Európa |
| 610 | 2 | 0 | |a spolupráca hospodárska medzinárodná |
| 610 | 2 | 0 | |a ČSFR |
| 610 | 2 | 0 | |a projekty |
| 100 | 1 | |a Rubín, Z. | |